[Event "Madrid San Viator op-A 26th"]
[Site "Madrid"]
[Date "2016.05.22"]
[Round "7"]
[White "Munoz Cebey, Ricardo"]
[Black "Tarrio Ocana, Jose Manuel"]
[Result "1/2-1/2"]
[WhiteElo "1751"]
[BlackElo "1829"]
[PlyCount "94"]
[EventDate "2016.04.03"]
[EventType "swiss"]
[EventRounds "9"]
[EventCountry "ESP"]
[SourceTitle "EXT 2017"]
[Source "ChessBase"]
[SourceDate "2016.10.25"]
[SourceVersion "1"]
[SourceVersionDate "2016.10.25"]
[SourceQuality "1"]

1. c4 e6 2. Nf3 d5 3. g3 Nf6 4. Bg2 g6 5. b3 Bg7 6. Bb2 0-0 7. 0-0 c5 8. cxd5 exd5 9. d4 Ne4 10. Qc1 Qf6 11. Na3 Nc6 12. Nb5 Be6 13. Rb1 Qe7 14. dxc5 Qxc5 15. Qxc5 Nxc5 16. Bxg7 Kxg7 17. Nbd4 Ne4 18. Rbc1 Rac8 19. Nxc6 bxc6 20. Nd4 Bd7 21. Bxe4 dxe4 22. Rc5 Rfd8 23. Rfc1 Be8 24. e3 Rd6 25. Kf1 h5 26. Ke1 Kf8 27. Ra5 Kg7 28. Rxa7 c5 29. Ra5 c4 30. bxc4 Rb6 31. c5 Rb2 32. Rc2 Rb1+ 33. Kd2 h4 34. gxh4 Rh1 35. c6 Rxh2 36. Ke2 Rxh4 37. Ra7 Rh5 38. Re7 Rh4 39. a4 Kf6 40. Rb7 Rh5 41. Rb5 Ra8 42. Rb4 Rha5 43. c7 Rc8 44. Nb5 Rxa4 45. Rbb2 Bxb5+ 46. Rxb5 Ra7 47. Rbc5 Ke6 1/2-1/2

[Event "Madrid San Viator op-A 26th"]
[Site "Madrid"]
[Date "2016.04.24"]
[Round "4"]
[White "Tarrio Ocana, Jose Manuel"]
[Black "Garcia Bartolome, Sergio"]
[Result "0-1"]
[WhiteElo "1829"]
[BlackElo "2091"]
[PlyCount "86"]
[EventDate "2016.04.03"]
[EventType "swiss"]
[EventRounds "9"]
[EventCountry "ESP"]
[SourceTitle "EXT 2017"]
[Source "ChessBase"]
[SourceDate "2016.10.25"]
[SourceVersion "1"]
[SourceVersionDate "2016.10.25"]
[SourceQuality "1"]

1. e4 c5 2. Nc3 Nc6 3. Bb5 e6 4. Bxc6 bxc6 5. f4 d5 6. Nf3 Nf6 7. e5 Ng4 8. d3 Be7 9. Ng5 Nh6 10. 0-0 Nf5 11. Nf3 Rb8 12. g4 Nd4 13. Nxd4 cxd4 14. Ne2 Bc5 15. Ng3 g6 16. Qf3 f5 17. gxf5 exf5 18. b3 Be7 19. Bb2 c5 20. Rfe1 Be6 21. a4 a5 22. Bc1 c4 23. bxc4 dxc4 24. dxc4 0-0 25. Ba3 Bxa3 26. Qxa3 Rb4 27. Rab1 Qb6 28. Rxb4 axb4 29. Qd3 Qc5 30. Kg2 Bxc4 31. Qd2 Bd5+ 32. Kh3 Rd8 33. Ne2 Be4 34. Rb1 d3 35. Ng3 Qxc2 36. Nxe4 fxe4 37. Qxb4 d2 38. Qe7 Qd3+ 39. Kh4 Qd7 40. Qf6 Re8 41. Qd6 Qxd6 42. exd6 e3 43. d7 Rd8 0-1

[Event "Collado Villalba op-B 32nd"]
[Site "Collado Villalba"]
[Date "2015.08.29"]
[Round "8"]
[White "Tarrio Ocana, Jose Manuel"]
[Black "Criado Riesgo, Manuel"]
[Result "1-0"]
[WhiteElo "1852"]
[BlackElo "1535"]
[PlyCount "59"]
[EventDate "2015.08.22"]
[EventType "swiss"]
[EventRounds "9"]
[EventCountry "ESP"]
[SourceTitle "EXT 2016"]
[Source "ChessBase"]
[SourceDate "2015.10.08"]
[SourceVersion "1"]
[SourceVersionDate "2015.10.08"]
[SourceQuality "1"]

1. e4 c6 2. d4 d5 3. Nc3 dxe4 4. Nxe4 Bf5 5. Ng3 Bg6 6. h4 h6 7. Nf3 e6 8. h5 Bh7 9. Bd3 Bxd3 10. Qxd3 Nf6 11. Bf4 Bd6 12. Bxd6 Qxd6 13. 0-0-0 Nbd7 14. Kb1 0-0-0 15. Rhe1 Kb8 16. a3 Rhe8 17. Qb3 Qc7 18. Rd2 Qb6 19. Qa4 Nd5 20. Rd3 Qc7 21. c4 N5f6 22. Qc2 Qf4 23. Ne5 Nxe5 24. dxe5 Rxd3 25. Qxd3 Ng8 26. Qd6+ Ka8 27. Rd1 Rb8 28. Qc7 Qxf2 29. Rd8 Qe1+ 30. Ka2 1-0

[Event "Collado Villalba op-B 32nd"]
[Site "Collado Villalba"]
[Date "2015.08.28"]
[Round "7"]
[White "Calvo de Castro, Miguel"]
[Black "Tarrio Ocana, Jose Manuel"]
[Result "1/2-1/2"]
[WhiteElo "1725"]
[BlackElo "1852"]
[PlyCount "107"]
[EventDate "2015.08.22"]
[EventType "swiss"]
[EventRounds "9"]
[EventCountry "ESP"]
[SourceTitle "EXT 2016"]
[Source "ChessBase"]
[SourceDate "2015.10.08"]
[SourceVersion "1"]
[SourceVersionDate "2015.10.08"]
[SourceQuality "1"]

1. e4 e6 2. d4 d5 3. Nc3 Nf6 4. Bd3 c5 5. dxc5 dxe4 6. Bb5+ Bd7 7. b4 a5 8. Ba3 axb4 9. Bxb4 Nc6 10. a3 g6 11. Rb1 Bg7 12. Qd6 Qb8 13. Nge2 Qxd6 14. cxd6 Nxb4 15. axb4 Rc8 16. 0-0 0-0 17. Rfd1 Rfd8 18. Bxd7 Rxd7 19. Na4 Rcd8 20. Nc5 Rxd6 21. Rxd6 Rxd6 22. Nxb7 Rd2 23. Nc3 Rxc2 24. Na4 Nd5 25. g3 Bd4 26. Nd6 Bxf2+ 27. Kh1 f5 28. b5 Nb6 29. Rb2 Rc1+ 30. Kg2 Bd4 31. Rb4 e3 32. Kf3 Rf1+ 33. Ke2 Rf2+ 34. Ke1 e5 35. Nxb6 Bxb6 36. Nc4 Bd4 37. Rb3 Rc2 38. Nxe3 Bxe3 39. Rxe3 Rb2 40. Rxe5 Kf7 41. Kd1 Kf6 42. Rc5 g5 43. Kc1 Rb4 44. Kc2 f4 45. gxf4 gxf4 46. Kc3 Rb1 47. Kd4 Rb4+ 48. Kd3 h6 49. Ke2 Rb3 50. h4 Kg6 51. Kf2 Kf6 52. Rc6+ Kf5 53. Rxh6 Kg4 54. Rg6+ 1/2-1/2